| 000 | 00691nam a22001337a 4500 | ||
|---|---|---|---|
| 040 | _cRUA | ||
| 082 | _aVEM SEN 2014 B434 Or.1 | ||
| 100 | _aSENG KIMHEANG; សេង កឹមហ៊ាង | ||
| 245 | _aSurvey on suckling piglets diseases at pig raising community kampong speu province; ការអង្កេតជមងឺជ្រូកពីកើតរហុតដល់ផ្ដាច់ដោះ នៅសហគមន៏ចិញ្ចឹមជ្រូក ខេត្តកំពង់ស្ពឺ | ||
| 260 |
_aPhnom Penh _bRUA _c2014 |
||
| 300 |
_aix;36p. _bill. _c29cm. |
||
| 856 | _uhttps://drive.google.com/file/d/1rRoZtloi8k9zwhGYUm_9SsvmdcrESD_a/view?usp=sharing | ||
| 942 | _cVEM | ||
| 999 |
_c7066 _d7066 |
||